=LDR 00000nam 2200000 4500 =001 INLIS000000000025967 =005 20130612124435 =008 ***********************************Ind** =035 ##$$0010-061300000025967 =041 ##$$a Ind =082 ##$$a F.Rom.K =090 ##$$a F Rom K, Bro p =100 ##$$a Broeckx, Jeff =245 ##$$a Pemburu Karet, Jeff Broechx =260 ##$$a 1990 $b Jakarta =300 ##$$a 44 hlm, ilus, 29 cm =650 ##$$a Fiksi anak-anak =850 ##$$a NBPNMAT